<?xml version="1.0" encoding="UTF-8"?><record xmlns="http://www.loc.gov/MARC21/slim" xmlns:zs="http://docs.oasis-open.org/ns/search-ws/sruResponse">
  <leader>02057cam a22004457a 4500</leader>
  <controlfield tag="001">14210376</controlfield>
  <controlfield tag="005">20250606222932.8</controlfield>
  <controlfield tag="008">051223s2005    stkabc   bc   000 0deng  </controlfield>
  <datafield ind1=" " ind2=" " tag="035">
    <subfield code="a">14210376</subfield>
  </datafield>
  <datafield ind1=" " ind2=" " tag="906">
    <subfield code="a">7</subfield>
    <subfield code="b">cbc</subfield>
    <subfield code="c">copycat</subfield>
    <subfield code="d">3</subfield>
    <subfield code="e">ncip</subfield>
    <subfield code="f">20</subfield>
    <subfield code="g">y-gencatlg</subfield>
  </datafield>
  <datafield ind1=" " ind2=" " tag="955">
    <subfield code="a">jh00 2006-02-09;</subfield>
    <subfield code="a">jh32 2006-04-20 z-processor;</subfield>
    <subfield code="i">jh32 2006-04-20/jh12;</subfield>
    <subfield code="e">jh32 2006-04-20/jh12 to Dewey</subfield>
    <subfield code="a">aa05 2006-06-22</subfield>
  </datafield>
  <datafield ind1=" " ind2=" " tag="955">
    <subfield code="a">LCAP batch update 2025-06-01-04:00: LCAPM-644, LCAPM-893, LCAPM-150</subfield>
  </datafield>
  <datafield ind1=" " ind2=" " tag="010">
    <subfield code="a">  2006365875</subfield>
  </datafield>
  <datafield ind1=" " ind2=" " tag="015">
    <subfield code="a">GBA567471</subfield>
    <subfield code="2">bnb</subfield>
  </datafield>
  <datafield ind1="7" ind2=" " tag="016">
    <subfield code="a">013270082</subfield>
    <subfield code="2">Uk</subfield>
  </datafield>
  <datafield ind1=" " ind2=" " tag="020">
    <subfield code="a">1903278716</subfield>
    <subfield code="q">pbk.</subfield>
  </datafield>
  <datafield ind1=" " ind2=" " tag="020">
    <subfield code="a">9781903278710</subfield>
    <subfield code="q">(pbk.)</subfield>
  </datafield>
  <datafield ind1=" " ind2=" " tag="035">
    <subfield code="a">(OCoLC)63135077</subfield>
  </datafield>
  <datafield ind1=" " ind2=" " tag="040">
    <subfield code="a">UKM</subfield>
    <subfield code="c">UKM</subfield>
    <subfield code="d">BAKER</subfield>
    <subfield code="d">DLC</subfield>
  </datafield>
  <datafield ind1=" " ind2=" " tag="042">
    <subfield code="a">ukscp</subfield>
    <subfield code="a">lccopycat</subfield>
  </datafield>
  <datafield ind1="0" ind2="0" tag="050">
    <subfield code="a">ND1942.M227</subfield>
    <subfield code="b">A4 2005</subfield>
  </datafield>
  <datafield ind1="0" ind2="0" tag="082">
    <subfield code="a">759.2/911</subfield>
    <subfield code="2">22</subfield>
  </datafield>
  <datafield ind1="1" ind2=" " tag="100">
    <subfield code="a">Robertson, Pamela,</subfield>
    <subfield code="d">1955-</subfield>
  </datafield>
  <datafield ind1="1" ind2="0" tag="245">
    <subfield code="a">Charles Rennie Mackintosh in France :</subfield>
    <subfield code="b">landscape watercolours /</subfield>
    <subfield code="c">Pamela Robertson &amp; Philip Long.</subfield>
  </datafield>
  <datafield ind1=" " ind2=" " tag="260">
    <subfield code="a">[Edinburgh] :</subfield>
    <subfield code="b">National Galleries of Scotland,</subfield>
    <subfield code="c">2005.</subfield>
  </datafield>
  <datafield ind1=" " ind2=" " tag="300">
    <subfield code="a">120 p. :</subfield>
    <subfield code="b">ill. (some col.), col. maps, ports. ;</subfield>
    <subfield code="c">27 cm.</subfield>
  </datafield>
  <datafield ind1=" " ind2=" " tag="336">
    <subfield code="a">text</subfield>
    <subfield code="b">txt</subfield>
    <subfield code="2">rdacontent</subfield>
  </datafield>
  <datafield ind1=" " ind2=" " tag="337">
    <subfield code="a">unmediated</subfield>
    <subfield code="b">n</subfield>
    <subfield code="2">rdamedia</subfield>
  </datafield>
  <datafield ind1=" " ind2=" " tag="338">
    <subfield code="a">volume</subfield>
    <subfield code="b">nc</subfield>
    <subfield code="2">rdacarrier</subfield>
  </datafield>
  <datafield ind1=" " ind2=" " tag="500">
    <subfield code="a">"In collaboration with the Hunterian Art Gallery, University of Glasgow."</subfield>
  </datafield>
  <datafield ind1=" " ind2=" " tag="500">
    <subfield code="a">"Published by the Trustees of the National Galleries of Scotland ... to accompany the exhibition 'Charles Rennie Mackintosh in France : landscape watercolours,' held at the Dean Gallery, Edinburgh from 26 November 2005 to 5 February 2006"--T.p. verso.</subfield>
  </datafield>
  <datafield ind1=" " ind2=" " tag="504">
    <subfield code="a">Includes bibliographical references (p. 120).</subfield>
  </datafield>
  <datafield ind1="1" ind2="0" tag="600">
    <subfield code="a">Mackintosh, Charles Rennie,</subfield>
    <subfield code="d">1868-1928</subfield>
    <subfield code="v">Exhibitions.</subfield>
  </datafield>
  <datafield ind1=" " ind2="0" tag="650">
    <subfield code="a">Landscapes in art</subfield>
    <subfield code="v">Exhibitions.</subfield>
  </datafield>
  <datafield ind1=" " ind2="7" tag="655">
    <subfield code="a">Exhibition catalogs.</subfield>
    <subfield code="2">lcgft</subfield>
    <subfield code="0">https://id.loc.gov/authorities/genreForms/gf2014026098</subfield>
  </datafield>
  <datafield ind1="1" ind2=" " tag="700">
    <subfield code="a">Mackintosh, Charles Rennie,</subfield>
    <subfield code="d">1868-1928.</subfield>
  </datafield>
  <datafield ind1="1" ind2=" " tag="700">
    <subfield code="a">Long, Philip.</subfield>
  </datafield>
  <datafield ind1="2" ind2=" " tag="710">
    <subfield code="a">Hunterian Art Gallery (University of Glasgow)</subfield>
  </datafield>
  <datafield ind1="2" ind2=" " tag="710">
    <subfield code="a">National Galleries of Scotland.</subfield>
  </datafield>
  <datafield ind1="2" ind2=" " tag="710">
    <subfield code="a">Dean Gallery (Edinburgh, Scotland)</subfield>
  </datafield>
</record>
